M.Pokora Quiz - Statistiques

Statistiques générales
  • Ce quiz a été pris 20 fois
  • Le résultat moyen est 13 sur 34
Statistiques - réponses
Hint Réponse % Correct
Dans quelle ville est-il né ? Strasbourg
81%
A quel chanteur rend-il hommage avec l’album “My Way” ? Claude François
75%
De qui vent la chanson “A nos actes manqués” qu'il a repris ? Jean-Jacques Goldman
69%
Quelle émission a-t-il remportée en 2003 ? Popstars
69%
Quel célèbre personnage a-t-il incarné dans la comédie musicale du même nom ? Robin des Bois
69%
Quel est son vrai nom ? Matthieu Tota
63%
Avec qui chante-t-il la chanson “Mieux que nous” issue de cet album ? Soprano
63%
En quelle année sort-il son premier album solo “M.Pokora” ? 2004
56%
De quelle langue vient ce mot ? polonais
56%
Avec qui est-il marié ? Christina Milian
50%
A quelle émission a-t-il participé en 2011 (première édition) ? Danse avec les stars
50%
Quel est le tout premier single de son album “Pyramide” Les planètes
50%
Quel était le nom du groupe avec lequel il a gagné ? Linkup
50%
Que signifie son nom de scène “Pokora” ? Humilité
44%
Quel est le nom de son dixième album ? Adrénaline
38%
Comment se nomme la chanson dédiée à son grand-père dans son quatrième album “Mise à jour” ? Comme un soldat
38%
Comment se nomme le premier single de l’album “A la poursuite du bonheur” ? Juste un instant
38%
Comment se nomme son album en anglais sorti en 2008 ? MP3
38%
Que signifie “R.E.D”, nom de son sixième album ? Rythmes Extrêmement Dangereux
38%
A quel personnage prête-il sa voix dans le film d’animation “Les Trolls” ? Branche
31%
Quel était le nom de leur premier single ? Mon étoile
31%
Comment s’appellent ses deux fils et sa belle-fille ? Violette, Isaiah, Kenna
31%
Quelle est sa date de naissance ? 26 septembre 1985
25%
Quel est le nom de la tournée qui fête ses 20 ans de carrière et qui s’est déroulée de 2023 à 2024 ? Epicentre Tour
25%
Comment s’appelle son frère ? Julien
25%
Comment se nomme son deuxième album sorti en 2006 ? Player
25%
Comment se nomme le premier single de cet album ? Eclipse
19%
Quel était le premier single de cet album ? Showbiz
19%
Dans quel téléfilm interprète-il le rôle principal d’Alex ? Le premier oublié
13%
Quel était le nom de sa première tournée ? Player Tour
13%
Quel est le nom de la pièce de théâtre dans laquelle il a joué ? Les grandes ambitions
6%
Quelles sont les deux équipes de foot qu’il supporte ? Olympique de Marseille et RC Strasbourg
6%
En raison de quoi sa tournée “Pyramide Tour” a été annulée en plein milieu ? Pandémie de covid-19
6%
Comment s’appelle son restaurant de pâtes fraîches à Los Angeles ? Pasta Corner
6%
Aucun quiz correspondant
Distribution des résultats
% des personnes avec chaque résultat
Percentile par nombre de réponses
Votre historique - résultats
Vous n’avez pas pris ce quiz